000 01027nam a22003257a 4500
003 CHAP
005 20220329140526.0
008 971013s1973 r 00010 d
010 _a53325
011 _a54297
035 _a58448
040 _cCHAP
082 _a545.33
_bS4Y
100 0 0 _aSeibl, J.
_9103743
245 _aEspectrometría de masas
260 _aMadrid :
_bAlhambra,
_c1973
300 _a228 p.
_b: ilus. ;gráfs.
490 _aVertix
_v; 21
590 _aBATCH-UPD
_b10
_c20130110
_lUCH01
_h0829
590 _aBATCH-UPD
_b10
_c20130410
_lUCH01
_h0506
590 _aBATCH-UPD
_b10
_c20130914
_lUCH01
_h0347
590 _aCONVERSION
_b10
_c20130109
_lUCH01
_h1329
650 1 4 _aAnálisis espectrométrico.
_95983
650 1 4 _aEspectrografía de masa.
_937798
830 0 _aVertix
_v; 21
_9118972
901 _aBK
942 _cLIBRO
949 _a545.33 S4Y
_bBC
_cLIBRO
_d33724000678504
_eLIBRO
_gI.126237
_h65559
_i58448
_si
949 _a545.33 S4Y
_bBC
_cLIBRO
_d33724002175934
_eLIBRO
_fc.2
_gI.126237
_h112745
_i58448
_sb
999 _c53325
_d53325